000 00620nam a2200181Ia 4500
008 100920s9999 xx 000 0 und d
082 _b78766
_a891.464 न 00
100 _aदेशपांडे स. पां.
245 _aरँग्लरचं ग्लॅमर.
260 _bग्रंथाली ज्ञानयज्ञ, मुंबई.
_c2000
300 _a76
_bसाधी
365 _b45
520 _aनिबंध.
630 _aरँग्लरचं ग्लॅमर.
650 _aनिबंध.
730 _aरँग्लरचं ग्लॅमर.
942 _cBOOK
999 _c719898
_d719895